[Event "46th Capablanca Memorial Open A"]
[Site "Havana CUB"]
[Date "2010.05.12"]
[Round "2.49"]
[White "Hernandez Fernandez, Ramon A"]
[Black "Cardenas Ballester, Maydelin"]
[Result "0-1"]
[WhiteTitle "FM"]
[BlackTitle "WFM"]
[WhiteElo "2293"]
[BlackElo "2114"]
[WhiteFideId "3503909"]
[BlackFideId "3508242"]
[EventDate "2011.05.11"]

1. d4 Nf6 2. Nf3 g6 3. c4 Bg7 4. Nc3 d6 5. e4 O-O 6. Bg5 h6 7. Bh4 c6 8. Be2 Qc7
9. O-O e5 10. Qd2 Kh7 11. Rad1 Nbd7 12. b4 Re8 13. d5 c5 14. a3 a6 15. Rb1 b6
16. Rb3 Rb8 17. Rfb1 g5 18. Bg3 b5 19. cxb5 c4 20. R3b2 axb5 21. Ne1 Nxe4 22.
Nxe4 f5 23. Nxg5+ hxg5 24. Qxg5 Nf6 25. Bh5 Rf8 26. Bg6+ Kg8 27. Bxf5 Nxd5 28.
Bxc8 Rbxc8 29. Nf3 Ra8 30. Rd2 Nc3 31. Re1 Rxa3 32. h4 Qd8 33. Qg4 Qc8 34. Qg6
Rf6 35. Qh5 Rh6 36. Qg5 Kh7 37. Qe7 Qf8 38. Ng5+ Kg8 39. Qd7 Ra6 40. f4 e4 41.
Ne6 Rxe6 42. Qxe6+ Kh7 43. f5 Qf6 44. Qxf6 Bxf6 45. Rxd6 Rxd6 46. Bxd6 Bxh4 47.
g3 Bf6 48. Kg2 Kg7 49. g4 Nd5 50. Bc5 c3 51. Rc1 Nf4+ 52. Kf1 Nd3 53. Rc2 Nxc5
54. bxc5 b4 55. g5 Be5 56. f6+ Kf7 57. c6 b3 58. Rxc3 Bxc3 59. c7 b2 60. c8=Q
b1=Q+ 61. Kg2 Qc2+ 62. Kh3 Qd3+ 63. Kh4 Be1+ 64. Kh5 Qf3+ 0-1

[Event "46th Capablanca Memorial Open A"]
[Site "Havana CUB"]
[Date "2010.05.12"]
[Round "2.50"]
[White "Pulvett, Daniel"]
[Black "Forgas Moreno, Yaniela"]
[Result "1-0"]
[WhiteTitle "IM"]
[BlackTitle "WFM"]
[WhiteElo "2282"]
[BlackElo "2093"]
[WhiteFideId "3900410"]
[BlackFideId "3508072"]
[EventDate "2011.05.11"]

1. e4 c5 2. Nf3 d6 3. d4 cxd4 4. Nxd4 Nf6 5. Nc3 a6 6. Bc4 e6 7. Bb3 Nbd7 8. Bg5
Nc5 9. f4 Be7 10. Qf3 Qc7 11. O-O O-O 12. f5 b5 13. fxe6 fxe6 14. Qh3 Qd7 15.
Rad1 b4 16. Nd5 Nxb3 17. Nxe7+ Qxe7 18. Qxb3 Qa7 19. Kh1 Nxe4 20. Rxf8+ Kxf8 21.
Qf3+ Nf6 22. Bxf6 gxf6 23. Qxf6+ Qf7 24. Qd8+ Kg7 25. Qxd6 Bd7 26. Nf3 Bb5 27.
Ng5 Qf6 28. Nxe6+ Kh8 29. Nc7 Qxd6 30. Rxd6 Rc8 31. Ne6 Bc4 32. Nd4 Bxa2 33.
Rxa6 Bb1 34. Rc6 Rd8 35. Rc4 Bxc2 36. Rxb4 Be4 37. Kg1 Rg8 38. g3 Rc8 39. Ne2
Bf3 40. Nc3 Ra8 41. Kf2 Bc6 42. Rb6 Rf8+ 43. Ke3 Bg2 44. b4 Rf3+ 45. Kd4 Bf1 46.
Ne4 Rd3+ 47. Ke5 Re3 48. Kf4 Rd3 49. h4 Bg2 50. Ng5 Rd1 51. h5 Rf1+ 52. Ke5 Re1+
53. Kf6 Rf1+ 54. Ke7 Bd5 55. h6 Rf5 56. Ne6 Bxe6 57. Kxe6 Rf8 58. Ke7 Rf7+ 59.
Ke6 Rf8 60. b5 Rg8 61. Rb7 Rg6+ 62. Kf7 Rg8 63. Rd7 1-0

[Event "46th Capablanca Memorial Open A"]
[Site "Havana CUB"]
[Date "2010.05.12"]
[Round "2.51"]
[White "Espinosa Garcia, Sandra"]
[Black "Vigoa Apecheche, Yanira"]
[Result "1/2-1/2"]
[WhiteTitle "WIM"]
[BlackTitle "WIM"]
[WhiteElo "2113"]
[BlackElo "2279"]
[WhiteFideId "3509109"]
[BlackFideId "3507041"]
[EventDate "2011.05.11"]

1. Nf3 Nf6 2. g3 d5 3. Bg2 c6 4. O-O Bf5 5. d3 e6 6. Nbd2 h6 7. c3 Be7 8. Re1
O-O 9. h4 Bh7 10. Nh2 Nbd7 11. e4 dxe4 12. dxe4 Ne5 13. Qe2 Qd3 14. Ndf1 Rfd8
15. Bf4 Qxe2 16. Rxe2 Nd3 17. Bd2 Bc5 18. b4 Bxf2+ 19. Rxf2 Nxf2 20. Kxf2 Bxe4
21. Bf3 Bxf3 22. Nxf3 Ng4+ 23. Kg2 e5 24. Re1 f6 25. h5 Re8 26. Nh4 e4 27. Re2
a5 28. Kh3 Ne5 29. Rxe4 axb4 30. Rxb4 b5 31. Re4 Nf7 32. Rd4 Red8 33. Nf5 Kh7
34. Bf4 c5 35. Re4 Rd7 36. Re2 Ra3 37. c4 bxc4 38. N1e3 Ra4 39. Rc2 Rda7 40.
Nxc4 Rxa2 41. Rc3 Ng5+ 42. Bxg5 hxg5 43. Nce3 R2a5 44. Nc4 Ra4 45. Nce3 R4a5 46.
Nc4 Rb5 47. Ncd6 Rb4 48. Rxc5 g4+ 49. Kh4 g5+ 50. hxg6+ Kxg6 51. Nc4 Rxc4 52.
Rxc4 Kxf5 53. Rf4+ Ke5 54. Kxg4 Rg7+ 55. Kf3 1/2-1/2

[Event "46th Capablanca Memorial Open A"]
[Site "Havana CUB"]
[Date "2010.05.12"]
[Round "2.52"]
[White "Abreu Jean, Carlos Paul"]
[Black "Adel Lahchaichi, Oussama"]
[Result "1/2-1/2"]
[BlackTitle "FM"]
[WhiteElo "2101"]
[BlackElo "2265"]
[WhiteFideId "6405525"]
[BlackFideId "2207885"]
[EventDate "2011.05.11"]

1. d4 Nf6 2. Nf3 c5 3. g3 g6 4. c4 Bg7 5. Bg2 O-O 6. O-O cxd4 7. Nxd4 Nc6 8. Nc3
Qb6 9. Nc2 d6 10. b3 Bd7 11. Bb2 Rac8 12. Qd2 Nb4 13. Na4 Bxa4 14. Nxb4 Bc6 15.
Nxc6 bxc6 16. Rac1 c5 17. Qd3 a5 18. Bc3 Nd7 19. Bxg7 Kxg7 20. Bh3 Rc7 21. Bxd7
Rxd7 22. e4 Rb7 23. Qc3+ Kg8 24. e5 dxe5 25. Qxe5 Rd8 26. Rcd1 Rbd7 27. Rxd7
Rxd7 28. Re1 a4 29. bxa4 Qb4 30. Rc1 Qb6 31. Qe3 h5 32. Qb3 Qf6 33. Rd1 Rd4 34.
Rxd4 cxd4 35. a5 h4 36. gxh4 Qf5 37. a6 d3 38. a7 Qg4+ 39. Kf1 Qe2+ 40. Kg2 Qg4+ 1/2-1/2

[Event "46th Capablanca Memorial Open A"]
[Site "Havana CUB"]
[Date "2010.05.12"]
[Round "2.53"]
[White "Mendoza Velazquez, Lorena Alejan"]
[Black "Perez Rodriguez, Jennifer"]
[Result "1/2-1/2"]
[WhiteTitle "WIM"]
[BlackTitle "WIM"]
[WhiteElo "2033"]
[BlackElo "2227"]
[WhiteFideId "5101794"]
[BlackFideId "3507831"]
[EventDate "2011.05.11"]

1. d4 d5 2. Bf4 Nf6 3. Nf3 c6 4. e3 Bg4 5. Nbd2 e6 6. Bd3 Bd6 7. Bg3 O-O 8. c4
Re8 9. Qc2 Bf8 10. h3 Bh5 11. O-O Bg6 12. Bxg6 hxg6 13. e4 dxe4 14. Nxe4 Nxe4
15. Qxe4 Nd7 16. Rad1 Qa5 17. a3 Qf5 18. Qxf5 gxf5 19. Ne5 Nxe5 20. dxe5 Rad8
21. Bh4 Be7 22. Bxe7 Rxd1 23. Rxd1 Rxe7 24. f4 c5 25. Kf2 Kf8 26. Rd8+ Re8 27.
Rd7 Re7 28. Rd8+ 1/2-1/2

[Event "46th Capablanca Memorial Open A"]
[Site "Havana CUB"]
[Date "2010.05.12"]
[Round "2.54"]
[White "Miranda Llanes, Yerisbel"]
[Black "Ubaldo Suarez, Maria Gisela"]
[Result "0-1"]
[WhiteTitle "WFM"]
[BlackTitle "WIM"]
[WhiteElo "2226"]
[BlackElo "2079"]
[WhiteFideId "3507700"]
[BlackFideId "3900630"]
[EventDate "2011.05.11"]

1. d4 d5 2. Nf3 Nf6 3. c4 c6 4. e3 g6 5. Nbd2 Bg7 6. b4 O-O 7. Be2 a5 8. b5 cxb5
9. cxb5 a4 10. O-O Nbd7 11. Ba3 Nb6 12. Ne5 Bf5 13. Rc1 Nfd7 14. Nd3 Bxd3 15.
Bxd3 Re8 16. f4 f5 17. Nf3 Rc8 18. Qe2 e6 19. Ne5 Nxe5 20. fxe5 Bf8 21. Bb2 Qd7
22. Qd2 a3 23. Ba1 Rxc1 24. Rxc1 Rc8 25. Rxc8 Qxc8 26. Qc3 Qd8 27. g3 Na4 28.
Qc2 Qa5 29. Kf1 Kf7 30. Ke2 Be7 31. Qc8 Nb2 32. Qc2 Nxd3 33. Qxd3 Bb4 34. Kf2
Ke7 35. h3 Kd7 36. g4 Qd8 37. gxf5 Qh4+ 38. Kg2 gxf5 39. Bc3 Qg5+ 40. Kf2 Qh4+
41. Kg2 Be7 42. Bd2 h5 43. Qb1 Qg5+ 44. Kh2 h4 45. Qg1 Qh5 46. Qf1 Qe8 47. Qc1
Qg8 48. Qg1 Qc8 49. Qc1 Qxc1 50. Bxc1 Kc7 51. Kg2 Kb6 52. Kf3 Kxb5 53. Ke2 Kc4
54. Kd2 f4 55. exf4 Kxd4 56. Ke2 Kc3 57. Kd1 b5 0-1

[Event "46th Capablanca Memorial Open A"]
[Site "Havana CUB"]
[Date "2010.05.13"]
[Round "3.1"]
[White "Rasmussen, Karsten"]
[Black "Bacallao Alonso, Yusnel"]
[Result "1/2-1/2"]
[WhiteTitle "IM"]
[BlackTitle "IM"]
[WhiteElo "2434"]
[BlackElo "2530"]
[WhiteFideId "1400088"]
[BlackFideId "3507416"]
[EventDate "2011.05.11"]

1. d4 Nf6 2. c4 g6 3. Nc3 d5 4. Bf4 Bg7 5. e3 O-O 6. Nf3 c5 7. dxc5 Qa5 8. Rc1
dxc4 9. Bxc4 Qxc5 10. Bb3 Nc6 11. O-O Qh5 12. h3 e5 13. Bg5 e4 14. Bxf6 exf3 15.
Bxg7 Kxg7 16. Qxf3 Qxf3 17. gxf3 Bxh3 18. Rfd1 Rfd8 19. Nb5 Ne5 20. Bd5 Rd7 21.
Kh2 Rad8 22. Kxh3 Rxd5 23. Rxd5 Rxd5 24. Nd4 Rd7 25. Rc3 f5 26. f4 Ng4 27. Kg3
Nf6 28. Rc8 Ne4+ 29. Kg2 Kf6 30. b4 a6 31. a4 Ke7 32. a5 Rd8 33. Rc7+ Rd7 34.
Rc8 1/2-1/2

[Event "46th Capablanca Memorial Open A"]
[Site "Havana CUB"]
[Date "2010.05.13"]
[Round "3.2"]
[White "Ordaz Valdes, Lisandra Teresa"]
[Black "Gomez Garrido, Camilo"]
[Result "1/2-1/2"]
[WhiteTitle "WIM"]
[BlackTitle "IM"]
[WhiteElo "2348"]
[BlackElo "2516"]
[WhiteFideId "3506940"]
[BlackFideId "3507904"]
[EventDate "2011.05.11"]

1. d4 d5 2. c4 c6 3. cxd5 cxd5 4. Nc3 Nf6 5. Nf3 Nc6 6. Bf4 Ne4 7. e3 Nxc3 8.
bxc3 g6 9. Ne5 Bg7 10. Nxc6 bxc6 11. Qa4 e5 12. Bxe5 Bxe5 13. dxe5 O-O 14. Be2
Qc7 15. O-O Bf5 16. c4 Qxe5 17. cxd5 cxd5 1/2-1/2

[Event "46th Capablanca Memorial Open A"]
[Site "Havana CUB"]
[Date "2010.05.13"]
[Round "3.3"]
[White "Jimenez Fraga, Pedro Alejandro"]
[Black "Arenas, David"]
[Result "1-0"]
[WhiteTitle "FM"]
[BlackTitle "IM"]
[WhiteElo "2473"]
[BlackElo "2427"]
[WhiteFideId "3508188"]
[BlackFideId "4403177"]
[EventDate "2011.05.11"]

1. e4 c5 2. Nf3 d6 3. d4 cxd4 4. Nxd4 Nf6 5. Nc3 a6 6. Be2 e6 7. O-O Nc6 8. Be3
Be7 9. f4 Qc7 10. Kh1 O-O 11. Qe1 Nxd4 12. Bxd4 b5 13. a3 Bb7 14. Qg3 Bc6 15.
Rae1 Qb7 16. Bf3 Rad8 17. e5 dxe5 18. fxe5 Nd7 19. Ne4 Qc7 20. c3 Bd5 21. Ng5
Bc4 22. Nxh7 Kxh7 23. Be4+ Kg8 24. Rf4 f5 25. exf6 Rxf6 26. Bh7+ Kh8 27. Bxf6
Bxf6 28. Bg6 e5 29. Qh3+ Kg8 30. Qh7+ Kf8 31. Rf3 Qd6 32. Bc2 Nc5 33. h3 Qe6 34.
Qh5 Ke7 35. Rfe3 Rd5 36. Qf3 Rd2 37. Bf5 Bd5 38. Qg4 Qd6 39. Rxe5+ Kd8 40. R5e2
Rxe2 41. Qxe2 Kc7 42. Rd1 Qc6 43. Qd2 Bb3 44. Qf4+ Kb7 45. Rd2 Qe8 46. Qf2 Bc4
47. b4 Ne6 48. Be4+ Kc8 49. Qb6 Qe7 50. Qxa6+ Kb8 1-0

[Event "46th Capablanca Memorial Open A"]
[Site "Havana CUB"]
[Date "2010.05.13"]
[Round "3.4"]
[White "Perez Rodriguez, Luis Manuel"]
[Black "Aguero Jimenez, Luis Lazaro"]
[Result "1/2-1/2"]
[WhiteTitle "GM"]
[BlackTitle "IM"]
[WhiteElo "2466"]
[BlackElo "2420"]
[WhiteFideId "3503364"]
[BlackFideId "3508455"]
[EventDate "2011.05.11"]

1. e4 c5 2. Nf3 d6 3. d4 cxd4 4. Nxd4 Nf6 5. Nc3 a6 6. Bg5 e6 7. f4 Be7 8. Qf3
Qc7 9. O-O-O Nbd7 10. g4 b5 11. Bxf6 Nxf6 12. g5 Nd7 13. f5 Nc5 14. f6 gxf6 15.
gxf6 Bf8 16. Rg1 h5 17. a3 Rb8 18. e5 Bd7 19. exd6 Bxd6 20. Ne4 Nxe4 21. Qxe4 b4
22. axb4 Rxb4 23. c3 Bf4+ 24. Kb1 Qxc3 25. Rg2 Qc7 26. Bxa6 Qe5 27. Qd3 Qd6 28.
Rc2 Be5 29. Nxe6 Qxd3 30. Ng7+ Kf8 31. Rxd3 Bxf6 32. Rxd7 Kxg7 1/2-1/2

[Event "46th Capablanca Memorial Open A"]
[Site "Havana CUB"]
[Date "2010.05.13"]
[Round "3.5"]
[White "Quesada Vera, Liordis"]
[Black "Castillo Coca, Mayrebis"]
[Result "1/2-1/2"]
[WhiteTitle "FM"]
[BlackTitle "WFM"]
[WhiteElo "2438"]
[BlackElo "2087"]
[WhiteFideId "3507009"]
[BlackFideId "3511910"]
[EventDate "2011.05.11"]

1. c4 Nf6 2. Nc3 e5 3. g3 Be7 4. Bg2 c6 5. e4 O-O 6. Nge2 a6 7. d4 d6 8. a4 a5
9. O-O Na6 10. h3 Nb4 11. f4 Qb6 12. Kh2 exd4 13. Nxd4 Qc7 14. Be3 Be6 15. b3
Rad8 16. Rc1 Bc8 17. Rf2 Rfe8 18. Rd2 Bf8 19. Qg1 Na6 20. Nde2 Nc5 21. Bxc5 dxc5
22. Rxd8 Rxd8 23. Qe3 Bg4 24. e5 Bxe2 25. Qxe2 Ne8 26. Ne4 Rd4 27. Ng5 h6 28.
Nf3 Rd8 29. Rc2 Qc8 30. Qe4 g6 31. h4 Ng7 32. Bh3 Qc7 33. Re2 Re8 34. Qd3 Rd8
35. Qc2 Re8 36. Kg2 Qe7 37. Rd2 Rd8 38. Qd1 Rxd2+ 39. Qxd2 Qc7 40. Qd7 Qxd7 41.
Bxd7 Nf5 42. Bxf5 gxf5 43. h5 Be7 44. Nd2 Kf8 45. Nf1 f6 46. e6 Bd6 47. Ne3 Ke7
48. Nxf5+ Kxe6 49. Nxd6 Kxd6 50. g4 Ke6 51. Kg3 Kf7 52. Kh4 Kg7 53. g5 f5 54.
Kg3 Kh7 55. gxh6 1/2-1/2

[Event "46th Capablanca Memorial Open A"]
[Site "Havana CUB"]
[Date "2010.05.13"]
[Round "3.6"]
[White "Nogueiras Santiago, Jesus"]
[Black "Morales Romero, Pedro"]
[Result "1-0"]
[WhiteTitle "GM"]
[BlackTitle "IM"]
[WhiteElo "2565"]
[BlackElo "2354"]
[WhiteFideId "3500020"]
[BlackFideId "3503798"]
[EventDate "2011.05.11"]

1. c4 g6 2. Nc3 Bg7 3. g3 c5 4. Bg2 Nc6 5. Rb1 e6 6. e4 Nge7 7. Nge2 O-O 8. d3
d6 9. O-O Rb8 10. a3 a5 11. Nb5 f5 12. d4 cxd4 13. Nbxd4 Nxd4 14. Nxd4 fxe4 15.
Bxe4 e5 16. Nb5 Bh3 17. Bg2 Bxg2 18. Kxg2 Qc8 19. Nxd6 Qc6+ 20. f3 Rfd8 21. c5
Qxc5 22. Nxb7 Rxd1 23. Nxc5 Rxf1 24. Kxf1 Nd5 25. Bd2 Bf8 26. Nd7 Rb3 27. Nxf8
Kxf8 28. Bxa5 Rxf3+ 29. Ke2 Rb3 30. a4 Ke7 31. Bd2 Kd6 32. a5 Kc6 33. Rc1+ Kd6
34. a6 Rxb2 35. Ra1 Nb6 36. a7 Na8 37. Kd3 Ke6 38. Kc3 Rb7 39. Be3 h5 40. Rf1
Nc7 41. Ra1 Nd5+ 42. Kd2 Nc7 43. Rc1 1-0

[Event "46th Capablanca Memorial Open A"]
[Site "Havana CUB"]
[Date "2010.05.13"]
[Round "3.7"]
[White "Ibarra Chami, Luis Fernando"]
[Black "Camacho Martinez, Guillermo"]
[Result "1/2-1/2"]
[WhiteTitle "IM"]
[BlackTitle "FM"]
[WhiteElo "2514"]
[BlackElo "2336"]
[WhiteFideId "5105048"]
[BlackFideId "3502520"]
[EventDate "2011.05.11"]

1. c4 e5 2. Nc3 Nf6 3. a3 d5 4. cxd5 Nxd5 5. Nf3 Nxc3 6. bxc3 Bd6 7. e4 O-O 8.
Bc4 Qe7 9. O-O Nc6 10. d3 Be6 11. Qa4 h6 12. Rb1 Bd7 13. Qc2 Na5 14. Ba2 Rac8
15. Nd2 Kh8 16. Nc4 Nxc4 17. Bxc4 b6 18. a4 f5 19. f3 fxe4 20. dxe4 Be6 21. Qa2
Bc5+ 22. Kh1 Bxc4 23. Qxc4 Rfd8 24. Qa6 Qd7 25. Bb2 Qd3 26. c4 Qe2 27. Rfe1 Qf2
28. Rf1 Qe2 29. Rfe1 1/2-1/2

[Event "46th Capablanca Memorial Open A"]
[Site "Havana CUB"]
[Date "2010.05.13"]
[Round "3.8"]
[White "Soto Hernandez, Henry"]
[Black "Gonzalez Vidal, Yuri"]
[Result "1/2-1/2"]
[WhiteTitle "FM"]
[BlackTitle "GM"]
[WhiteElo "2362"]
[BlackElo "2504"]
[WhiteFideId "3507475"]
[BlackFideId "3503321"]
[EventDate "2011.05.11"]

1. e4 c5 2. Nf3 d6 3. d4 cxd4 4. Nxd4 Nf6 5. Nc3 g6 6. Be3 Bg7 7. f3 O-O 8. Qd2
Nc6 9. O-O-O d5 10. exd5 Nxd5 11. Nxc6 bxc6 12. Nxd5 cxd5 13. Qxd5 Qc7 14. Qc5
Qb8 15. Qa3 Be6 16. Ba6 Qe5 17. Bd4 Qg5+ 18. Qe3 Qxg2 19. Bxg7 Kxg7 20. Qe5+ Kg8
21. Qg3 Qxg3 22. hxg3 h5 23. c4 Rab8 24. b3 Kg7 25. Bb5 Rb7 26. Bc6 Rc7 27. Bd5
Bf5 28. Be4 Bxe4 1/2-1/2

[Event "46th Capablanca Memorial Open A"]
[Site "Havana CUB"]
[Date "2010.05.13"]
[Round "3.9"]
[White "Vega Chirino, Lemay"]
[Black "Vera Gonzalez-Quevedo, Reynaldo"]
[Result "1/2-1/2"]
[WhiteTitle "FM"]
[BlackTitle "GM"]
[WhiteElo "2356"]
[BlackElo "2500"]
[WhiteFideId "3502252"]
[BlackFideId "3500055"]
[EventDate "2011.05.11"]

1. e4 c5 2. c3 Nf6 3. e5 Nd5 4. d4 cxd4 5. Nf3 Nc6 6. cxd4 d6 7. Bc4 e6 8. O-O
Be7 9. Qe2 O-O 10. Rd1 Bd7 11. Bd2 Rc8 12. Nc3 Nxc3 13. Bxc3 dxe5 14. dxe5 Qc7
15. Bd3 Rfd8 16. Qe4 g6 17. Qf4 Be8 18. h4 Rd5 19. Be4 Rxd1+ 20. Rxd1 Rd8 1/2-1/2

[Event "46th Capablanca Memorial Open A"]
[Site "Havana CUB"]
[Date "2010.05.13"]
[Round "3.11"]
[White "De La Paz Perdomo, Frank"]
[Black "Garcia Martinez, Omar"]
[Result "1-0"]
[WhiteTitle "GM"]
[BlackTitle "FM"]
[WhiteElo "2452"]
[BlackElo "2318"]
[WhiteFideId "3501833"]
[BlackFideId "3500861"]
[EventDate "2011.05.11"]

1. e4 e5 2. Bc4 Nf6 3. d3 c6 4. Nf3 Be7 5. O-O d6 6. c3 O-O 7. Nbd2 Nbd7 8. Re1
h6 9. h3 Re8 10. Nf1 Bf8 11. Ng3 b5 12. Bb3 a5 13. d4 a4 14. Bc2 g6 15. Be3 Bb7
16. Qd2 Kh7 17. b3 exd4 18. cxd4 c5 19. bxa4 bxa4 20. d5 Qa5 21. Qc1 c4 22. Rb1
Reb8 23. Bd4 Qc7 24. Rb4 Bc8 25. Rxa4 Ne5 26. Re3 Nfd7 27. Rc3 Bg7 28. Nxe5 Nxe5
29. Bxe5 Bxe5 30. Raxc4 Qa5 31. Rf3 Kg7 32. Bb3 Bd7 33. Nf1 Rb7 34. Qd2 1-0

[Event "46th Capablanca Memorial Open A"]
[Site "Havana CUB"]
[Date "2010.05.13"]
[Round "3.12"]
[White "Rodriguez Garcia, Victor"]
[Black "Martinez Duanny, Lelys Stanley"]
[Result "1/2-1/2"]
[WhiteTitle "FM"]
[BlackTitle "GM"]
[WhiteElo "2331"]
[BlackElo "2452"]
[WhiteFideId "3506320"]
[BlackFideId "3504727"]
[EventDate "2011.05.11"]

1. e4 c5 2. Nf3 d6 3. d4 cxd4 4. Nxd4 Nf6 5. Nc3 a6 6. Bc4 e6 7. Bb3 Be7 8. O-O
O-O 9. Qf3 Qc7 10. Qg3 Kh8 11. Be3 Nc6 12. Rad1 Na5 13. f4 Nxb3 14. axb3 b5 15.
e5 Ne8 16. Ne4 Bb7 17. Ng5 h6 18. Nh3 Rd8 19. Nf2 Qc8 20. Qh3 f5 21. exf6 Rxf6
22. Ng4 Rg6 23. f5 exf5 24. Nxf5 Qe6 25. Rde1 Be4 26. Bd4 Bf6 27. Nxf6 Nxf6 28.
Nh4 Rg4 29. Rf4 Bxg2 30. Rxe6 Bxh3+ 31. Rxg4 Nxg4 32. Ng6+ Kh7 33. Nf4 Ne5 34.
Bb6 Bxe6 35. Bxd8 Bf5 36. c3 Bc2 37. b4 Nc4 38. Be7 g5 39. Nd5 Kg6 1/2-1/2

[Event "46th Capablanca Memorial Open A"]
[Site "Havana CUB"]
[Date "2010.05.13"]
[Round "3.13"]
[White "Guerra Mojena, Leandro"]
[Black "Borges Mateos, Juan"]
[Result "1/2-1/2"]
[WhiteTitle "FM"]
[BlackTitle "GM"]
[WhiteElo "2337"]
[BlackElo "2451"]
[WhiteFideId "3513602"]
[BlackFideId "3500160"]
[EventDate "2011.05.11"]

1. e4 c5 2. Nf3 e6 3. d4 cxd4 4. Nxd4 Nc6 5. Nxc6 bxc6 6. Bd3 Nf6 7. O-O d5 8.
Nd2 Be7 9. c4 O-O 10. Qc2 h6 11. b3 a5 12. Bb2 Ba6 13. Rac1 Qb6 14. Nf3 a4 15.
Bd4 axb3 16. axb3 Qb7 17. Rfd1 dxe4 18. Bxe4 Nxe4 19. Qxe4 c5 20. Qxb7 Bxb7 21.
Be3 Rfd8 22. Ne5 Rxd1+ 23. Rxd1 Be4 24. f3 Bc2 25. Rd7 Bh4 26. g3 Bf6 27. Ng4
Bxb3 28. Nxf6+ gxf6 29. Bxc5 Ra1+ 30. Kf2 Ra2+ 31. Ke3 Bxc4 32. Rd2 Ra6 33. Be7
f5 34. h4 Bd5 35. g4 fxg4 36. fxg4 Ra4 37. Rd4 Ra1 38. Bf6 Rf1 39. Rf4 Re1+ 40.
Kf2 Rb1 41. h5 1/2-1/2

[Event "46th Capablanca Memorial Open A"]
[Site "Havana CUB"]
[Date "2010.05.13"]
[Round "3.14"]
[White "Linares Napoles, Oleiny"]
[Black "Obregon Rivero, Juan Carlos"]
[Result "0-1"]
[WhiteTitle "WGM"]
[BlackTitle "FM"]
[WhiteElo "2319"]
[BlackElo "2445"]
[WhiteFideId "3504794"]
[BlackFideId "3507815"]
[EventDate "2011.05.11"]

1. c4 Nf6 2. Nf3 g6 3. b4 Bg7 4. Bb2 O-O 5. g3 d6 6. Bg2 e5 7. d3 a5 8. a3 axb4
9. axb4 Rxa1 10. Bxa1 Na6 11. Bc3 Re8 12. e4 Bg4 13. Qb3 Qc8 14. Nbd2 Bh3 15.
O-O Bh6 16. Ra1 Qg4 17. Bxh3 Qxh3 18. Qd1 c6 19. Qf1 Qg4 20. h3 Qc8 21. Kh2 Nh5
22. Re1 Nc7 23. d4 exd4 24. Nxd4 Bg7 25. Qd3 d5 26. N4f3 dxc4 27. Nxc4 Rd8 28.
Qc2 Nf6 29. Be5 Nb5 30. Ng5 Qd7 31. Qb2 Qe7 32. Kg2 h6 33. Nf3 Qe6 34. Qc2 Bf8
35. Qb3 Ra8 36. Re3 Nd7 37. Bb2 Re8 38. h4 Nf6 39. Nfe5 Bg7 40. f3 h5 41. Rd3
Nh7 42. Nd7 Bxb2 43. Nxb2 Qxb3 44. Rxb3 Ra8 45. Rd3 Ra2 46. Rd2 Nc3 47. Kf1 Kg7
48. Ke1 g5 49. Nd3 Ra3 50. hxg5 Nxg5 51. Kf2 Nb5 52. Ke3 Nd6 53. Rd1 Nc4+ 54.
Kf4 Ne6+ 0-1

[Event "46th Capablanca Memorial Open A"]
[Site "Havana CUB"]
[Date "2010.05.13"]
[Round "3.15"]
[White "Fernandez Hernandez, Arturo A."]
[Black "Perez Garcia, Rodney"]
[Result "1/2-1/2"]
[WhiteTitle "FM"]
[BlackTitle "IM"]
[WhiteElo "2265"]
[BlackElo "2440"]
[WhiteFideId "3509230"]
[BlackFideId "3500918"]
[EventDate "2011.05.11"]

1. d4 d5 2. Nf3 Nf6 3. c4 c6 4. e3 a6 5. b3 Bg4 6. Bd3 Nbd7 7. Bb2 e6 8. Nbd2
Bd6 9. Qc2 Qb8 10. O-O O-O 11. h3 Bh5 12. Ng5 h6 13. Nh7 Nxh7 14. Bxh7+ Kh8 15.
Bd3 f5 16. f3 Qd8 17. e4 Bf4 18. exf5 exf5 19. Rfd1 Qg5 20. Kh1 Bg6 21. Nf1 Nf6
22. Bc1 Nh5 23. Qf2 Bxc1 24. Raxc1 f4 25. Bxg6 Qxg6 26. cxd5 cxd5 27. Re1 Rac8
28. Kg1 Rfe8 29. Qd2 Rxc1 30. Rxe8+ Qxe8 31. Qxc1 Ng3 32. Nxg3 fxg3 33. Kf1 Qb5+
34. Ke1 Qd3 35. Qd2 Qb1+ 36. Ke2 Qg1 37. Kd3 a5 38. Qe2 1/2-1/2

[Event "46th Capablanca Memorial Open A"]
[Site "Havana CUB"]
[Date "2010.05.13"]
[Round "3.16"]
[White "Prasca Sosa, Rafael"]
[Black "Calvo Quinteiro, Jose Manuel"]
[Result "1-0"]
[WhiteTitle "IM"]
[WhiteElo "2424"]
[BlackElo "2247"]
[WhiteFideId "3900819"]
[BlackFideId "3505154"]
[EventDate "2011.05.11"]

1. e4 e6 2. d4 d5 3. Nc3 Bb4 4. e5 c5 5. Bd2 Nc6 6. Nb5 Bxd2+ 7. Qxd2 Nxd4 8.
Nxd4 cxd4 9. f4 Ne7 10. Nf3 Nc6 11. Nxd4 Nxd4 12. Qxd4 Qa5+ 13. c3 Bd7 14. a3
Qa4 15. Bd3 Bb5 16. b3 Qa6 17. Bc2 O-O 18. Kd2 Rac8 19. Rhe1 Bd7 20. Re3 Qb6 21.
Rh3 Qxd4+ 22. cxd4 h6 23. Rf1 f6 24. exf6 Rxf6 25. Rc3 Rxc3 26. Kxc3 g5 27. g3
Kf8 28. Kd2 Ke7 29. Ke3 Kd6 30. Bd3 Rf8 31. fxg5 Rxf1 32. Bxf1 hxg5 33. h4 gxh4
34. gxh4 e5 35. h5 e4 36. h6 Bf5 37. Kf4 Bh7 38. Bh3 b6 39. Bg4 a6 40. Bh3 a5
41. Bg4 Ke7 42. Ke5 Bg8 43. b4 axb4 44. axb4 e3 45. Be2 Kf8 46. Kf4 Kf7 47. Kxe3
Kf6 48. Kf4 Bh7 49. Bf3 Bg8 50. Bg2 1-0

[Event "46th Capablanca Memorial Open A"]
[Site "Havana CUB"]
[Date "2010.05.13"]
[Round "3.17"]
[White "Osorio, Fernando"]
[Black "Ortega Amarelle, Mariano"]
[Result "0-1"]
[BlackTitle "FM"]
[WhiteElo "2208"]
[BlackElo "2417"]
[WhiteFideId "3901114"]
[BlackFideId "3504301"]
[EventDate "2011.05.11"]

1. e4 c5 2. Nc3 Nc6 3. g3 g6 4. Bg2 Bg7 5. d3 d6 6. Be3 Rb8 7. Qd2 Nd4 8. Nd1 f5
9. c3 Nc6 10. Ne2 Nf6 11. Bh6 Bxh6 12. Qxh6 Ne5 13. Qd2 c4 14. dxc4 fxe4 15. O-O
Nxc4 16. Qd4 Nb6 17. Bxe4 e5 18. Qd3 Nxe4 19. Qxe4 Bf5 20. Qg2 Qd7 21. Re1 O-O
22. Ne3 Bh3 23. Qe4 Qf7 24. Nd1 Nc4 25. Qh4 Be6 26. f4 Nd2 27. Kf2 Bd5 28. Qh6
Bc6 29. Ne3 Nc4 30. b3 Nxe3 31. Kxe3 Qd5 32. f5 Rxf5 33. Ng1 Rbf8 34. Rad1 Rf3+ 0-1